Enseñanza de la Medicina (Record no. 132676)

MARC details
000 -LEADER
campo de control de longitud fija 00556nam a2200157 4500
001 - NÚMERO DE CONTROL
campo de control 132676
003 - IDENTIFICADOR DE NÚMERO DE CONTROL
campo de control ES-MaACL
005 - FECHA Y HORA DE LA ÚLTIMA TRANSACCIÓN
campo de control 20230906194226.0
007 - CAMPO FIJO DE DESCRIPCIÓN FÍSICA--INFORMACIÓN GENERAL
campo de control de longitud fija t|
008 - DATOS DE LONGITUD FIJA--INFORMACIÓN GENERAL
campo de control de longitud fija 070214s1909 sp r ||||1| spa d
100 1# - ENTRADA PRINCIPAL--NOMBRE DE PERSONA
Nombre de persona Roquero y Martínez, José.
9 (RLIN) 99551
245 10 - MENCIÓN DEL TÍTULO
Título Enseñanza de la Medicina
Resto del título : discurso leído en la solemne apertura del curso de 1909 a 1910 en la Universidad de Sevilla /
Mención de responsabilidad, etc. José Roquero y Martínez.
260 ## - PUBLICACIÓN, DISTRIBUCIÓN, ETC.
Lugar de publicación, distribución, etc. Sevilla :
Nombre del editor, distribuidor, etc. Papelería Sevillana,
Fecha de publicación, distribución, etc. 1909.
710 2# - ENTRADA AGREGADA--NOMBRE DE ENTIDAD CORPORATIVA
Nombre de entidad corporativa o nombre de jurisdicción como elemento de entrada Universidad de Sevilla.
9 (RLIN) 7301
852 ## - LOCALIZACIÓN
Ubicación ES-MaACL
Número de control de estantería T-1183-F-2
Holdings
Estatus retirado Estado de pérdida Estado de daño No para préstamo Colección Biblioteca de origen Biblioteca actual Ubicación en estantería Fecha de adquisición Fuente de adquisición Total de préstamos Signatura topográfica completa Código de barras Visto por última vez Precio de reemplazo Tipo de ítem Koha
        Colección de folletos Biblioteca del Ateneo de Madrid Biblioteca del Ateneo de Madrid Depósito folletos 17/01/2008     T-1183-F-2 1138127 23/02/2023 23/02/2023 Folleto